বাংলা সংবাদপত্র ও বাঙালির নবজাগরণ (১৮১৮-১৮৭৮) / (Record no. 195293)
[ view plain ]
| 000 -LEADER | |
|---|---|
| fixed length control field | 00704nam a22001817a 4500 |
| 003 - CONTROL NUMBER IDENTIFIER | |
| control field | BD-DhUL |
| 005 - DATE AND TIME OF LATEST TRANSACTION | |
| control field | 20170511162041.0 |
| 008 - FIXED-LENGTH DATA ELEMENTS--GENERAL INFORMATION | |
| fixed length control field | 170511s2000 ii ||||| |||| 00| 0 ben |
| 040 ## - CATALOGING SOURCE | |
| Original cataloging agency | BD-DhUL |
| Transcribing agency | BD-DhUL |
| 082 ## - DEWEY DECIMAL CLASSIFICATION NUMBER | |
| Classification number | 070 |
| Item number | CHB |
| 100 1# - MAIN ENTRY--PERSONAL NAME | |
| Personal name | চট্টোপাধ্যায়, পার্থ |
| 245 10 - TITLE STATEMENT | |
| Title | বাংলা সংবাদপত্র ও বাঙালির নবজাগরণ (১৮১৮-১৮৭৮) / |
| 250 ## - EDITION STATEMENT | |
| Edition statement | পরিমার্জিত ও পরিবর্ধিত |
| 260 ## - PUBLICATION, DISTRIBUTION, ETC. (IMPRINT) | |
| Place of publication, distribution, etc. | কলকাতা : |
| Name of publisher, distributor, etc. | দে'জ, |
| Date of publication, distribution, etc. | ২০০৩. |
| 300 ## - PHYSICAL DESCRIPTION | |
| Extent | ৩৬৬ পৃ. ; |
| Dimensions | ২২ সেমি. |
| 650 #0 - SUBJECT ADDED ENTRY--TOPICAL TERM | |
| Topical term or geographic name as entry element | সংবাদপত্র |
| 942 ## - ADDED ENTRY ELEMENTS (KOHA) | |
| Source of classification or shelving scheme | |
| Koha item type | Books |
| Price effective from | Date last seen | Permanent Location | Not for loan | Date acquired | Source of classification or shelving scheme | Koha item type | Lost status | Withdrawn status | Source of acquisition | Collection code | Damaged status | Shelving location | Barcode | Current Location | Full call number |
|---|---|---|---|---|---|---|---|---|---|---|---|---|---|---|---|
| 2017-05-11 | 2017-05-11 | Dhaka University Library | Not For Loan | 2017-05-11 | Books | Gift | Non Fiction | Dr. Aftab Ahmed Collection | 425976 | Dhaka University Library | 070 CHB |
